| 000 | 01102nam a22001577a 4500 | ||
|---|---|---|---|
| 041 | _aukr | ||
| 080 | _a09 | ||
| 090 | _bЧОР | ||
| 100 | _aЧорний Б. В. | ||
| 245 | _aЛінгво-стилістичні аспекти мови ділового листування | ||
| 260 |
_aОстрог _bКАФ _c2003 |
||
| 300 | _a38 | ||
| 520 |
_aРозділ 1. Функціональні особливості офіційно-ділового стилю
Розділ 2. Особливості структури, стилю та лексики ділових листів
2.1. Структурні особливості ділових листів
2.2. Стилістичні особливості ділових листів
2.3. Лексичні особливості ділових листів
2.4. Терміни та їх місце в діловому мовленні
2.5. Синтаксичні особливості офіційно-ділового стилю _0офіційно-діловий стиль, ділові папери |
||
| 650 | _aResearch Papers | ||
| 999 |
_c281843 _d281843 |
||
| 942 | _cBK | ||